000 00445nam a22001577a 4500
003 OSt
082 _a664
_bALF/DE
088 _a609
100 _aAlfiya P V
245 _aDevelopment and evaluation of semi-continuous microwave convective dryer for food products /
260 _aTavanur :
_bDepartment of Processing & Food Engineering,
_c2024.
300 _ap.
650 _aFood engineering
_9106
700 _aRajesh G K (Guide)
942 _cTH
999 _c18085
_d18085